000 00862nam a22001337a 4500
040 _cRUA
082 _aLMA SIM 2024 B1-398 Or.1
100 _aSIM KALIANEY សុឹម កល្យាណី
245 _aSTUDY ON THE PROBLEMS ENCOUNTERED BY OFFICIALS IN POU MREAL COMMUNE, BASEDTH DISTRICT, KAMPONG SPEU PROVINCE DURING THE SYSTEM REGISTRATION PROCESS សិក្សាពីបញ្ហាដែលមន្ត្រីជួបប្រទះអំឡុងពេលចុះបញ្ជីដីធ្លីលក្ខណៈជាប្រព័ន្ធនៅ ឃុំពោធិម្រាល​ ស្រុកបសេដ្ឋ ខេត្តកំពង់ស្ពឺ
260 _aRUA
_bPHNOM PENH
_c2024
300 _ax
_bill
_c29cm
856 _uhttps://drive.google.com/file/d/1hg9vqGXo3ySAivs1k5NBibTYdzvhLKKu/view?usp=sharing
942 _cLMA
999 _c24917
_d24917